|
|
|
|
| LEADER |
01955nam a2200481 a 4500 |
| 001 |
nkc20152664541 |
| 003 |
CZ PrNK |
| 005 |
20160513084205.0 |
| 007 |
ta |
| 008 |
150225s2014 xr a f 001 0 cze |
| 015 |
|
|
|a cnb002664541
|
| 020 |
|
|
|a 978-80-904837-5-0
|q (brož.)
|
| 035 |
|
|
|a (OCoLC)907528570
|
| 040 |
|
|
|a BOA001
|b cze
|d OLA001
|d ABA001
|
| 041 |
0 |
|
|a cze
|a eng
|b eng
|
| 072 |
|
7 |
|a 658
|x Řízení a správa podniku
|2 Konspekt
|9 4
|
| 080 |
|
|
|a 658.114.2/.6
|2 MRF
|
| 080 |
|
|
|a (048.8:082)
|2 MRF
|
| 080 |
|
|
|a (078.7)
|2 MRF
|
| 245 |
0 |
0 |
|a Ekonomie regulace :
|b selhání corporate governance /
|c kolektiv autorů
|
| 246 |
3 |
|
|a Ekonomie regulace: selhání corporate governance
|
| 246 |
3 |
0 |
|a Selhání corporate governance
|
| 250 |
|
|
|a 1. vyd.
|
| 260 |
|
|
|a Praha :
|b Vladimír Lelek,
|c 2014
|
| 300 |
|
|
|a 139 s. :
|b il. ;
|c 21 cm
|
| 500 |
|
|
|a Na rubu tit. s. uveden autorský kolektiv: Aleš Borkovec ... et al.
|
| 500 |
|
|
|a Na obálce pod názvem: Katedra národního hospodářství Právnické fakulty Univerzity Karlovy
|
| 504 |
|
|
|a Obsahuje bibliografii, bibliografické odkazy a rejstřík
|
| 546 |
|
|
|a Část. anglický text, anglické resumé
|
| 650 |
0 |
7 |
|a řízení a správa společností
|7 ph182334
|2 czenas
|
| 650 |
0 |
9 |
|a corporate governance
|2 eczenas
|
| 655 |
|
7 |
|a kolektivní monografie
|7 fd501537
|2 czenas
|
| 655 |
|
7 |
|a případové studie
|7 fd133208
|2 czenas
|
| 655 |
|
9 |
|a collective monographs
|2 eczenas
|
| 655 |
|
9 |
|a case studies
|2 eczenas
|
| 700 |
1 |
|
|a Borkovec, Aleš,
|d 1971-
|7 mub2011641228
|4 aut
|
| 710 |
2 |
|
|a Univerzita Karlova.
|b Katedra národního hospodářství
|7 xx0005501
|
| 856 |
4 |
1 |
|u http://www.digitalniknihovna.cz/mzk/uuid/uuid:af605240-db9a-11e5-a3e0-005056827e51
|y Digitalizovaný dokument
|x NDK
|
| 910 |
2 |
|
|a BOA001
|b 2-1341.732
|
| 990 |
|
|
|a BK
|
| 995 |
|
|
|a 01
|
| 991 |
|
|
|b 201503
|c NOV
|e n
|
| 996 |
6 |
|
|b 2610623245
|c 2-1341.732
|l MZK
|r Sklad / do 1 hodiny
|n 1
|p p.v.
|w 001491405
|u 000010
|a 1
|e BOA001
|j MZK50
|s P
|